Parole Francesi #1 - Clicca sull'immagine - Statistics

Statistiche generali
  • Questo quiz è stato fatto 150 volte
  • Il punteggio medio è 19 su 24
Risposte nella Mappa
Le risposte nella mappa del quiz sottostante sono codificate secondo una scala di colori dal rosso al verde in base alla % di persone che hanno risposto correttamente.
 
Statistiche sulle risposte
Risposta % Corretto
Une banane
90%
Une noix de coco
89%
Une baleine
88%
Des chaussettes
86%
Un champignon
86%
Une main
86%
Une oreille
86%
Une pomme
86%
Une carotte
85%
Un parapluie
85%
Un avion
84%
Un chat
84%
Un escargot
84%
Une voiture
84%
Une bouche
80%
Un chien
75%
Un crayon
75%
Une fraise
75%
Un mouton
72%
Un cochon
70%
Un couteau
70%
Un nuage
66%
Une sucette
57%
Une souris
56%
Nessun quiz corrispondente trovato
Distribuzione punteggi
Percentuale di utenti per punteggio
Percentile per numero di risposta
I tuoi punteggi nel tempo
Non hai fatto questo quiz